[Event "83rd ch-FRA National B"]
[Site "Pau FRA"]
[Date "2008.08.16"]
[Round "6"]
[White "Govciyan,P"]
[Black "Collas,D"]
[Result "1-0"]
[WhiteElo "2411"]
[BlackElo "2439"]
[EventDate "2008.08.11"]

1. c4 e6 2. Nf3 d5 3. d4 Nf6 4. g3 dxc4 5. Bg2 Nc6 6. O-O Rb8 7. Nc3 b5 8.
e4 a6 9. d5 Na5 10. Ng5 e5 11. f4 Bd6 12. fxe5 Bxe5 13. Nxf7 Bg4 14. Nxd8
Bxd1 15. Ne6 Bg4 16. Nxg7+ Kd7 17. Nf5 h5 18. Bf4 Rbe8 19. Bxe5 Rxe5 20.
Nd4 Ke7 21. b4 cxb3 22. axb3 c5 23. dxc6 Rd8 24. Nd5+ Nxd5 25. exd5 Rdxd5
26. Bxd5 Rxd5 27. Rf4 Rxd4 28. Rxd4 Nxc6 29. Re1+ Kf7 30. Rd6 1-0

[Event "83rd ch-FRA National B"]
[Site "Pau FRA"]
[Date "2008.08.16"]
[Round "6"]
[White "Kosten,A"]
[Black "Edouard,R"]
[Result "1/2-1/2"]
[WhiteElo "2507"]
[BlackElo "2508"]
[EventDate "2008.08.11"]

1. c4 c5 2. Nc3 g6 3. g3 Bg7 4. Bg2 Nc6 5. Nf3 d6 6. O-O e5 7. a3 Nge7 8.
b4 e4 9. Ne1 f5 10. Bb2 O-O 11. d3 Be6 12. Rb1 exd3 13. Nxd3 Bxc4 14. bxc5
dxc5 15. Nxc5 Qxd1 16. Rfxd1 Rfd8 17. Nxb7 Rxd1+ 18. Nxd1 Rb8 19. Bxg7 Kxg7
20. Nc3 Ba6 21. Nc5 Rxb1+ 22. Nxb1 1/2-1/2

[Event "83rd ch-FRA National B"]
[Site "Pau FRA"]
[Date "2008.08.16"]
[Round "6"]
[White "Le Roux,JP"]
[Black "Shoker,S"]
[Result "0-1"]
[WhiteElo "2490"]
[BlackElo "2365"]
[EventDate "2008.08.11"]

1. e4 g6 2. d4 Bg7 3. Nf3 d6 4. Bc4 e6 5. Bb3 Ne7 6. O-O Nd7 7. Qe2 b6 8.
Rd1 h6 9. Nbd2 Bb7 10. Nf1 Qc8 11. c3 a5 12. a4 Ba6 13. Qe1 Qb7 14. Ng3 c6
15. Bc2 Qc7 16. h4 e5 17. Rb1 Bc4 18. Nf1 Ba2 19. Ra1 Be6 20. Ne3 f5 21.
exf5 gxf5 22. c4 f4 23. Nf1 Bxc4 24. dxe5 dxe5 25. Qc3 Bd5 26. N1d2 O-O 27.
Ne4 Rad8 28. Re1 Nf5 29. Bd2 Nd4 30. Nxd4 exd4 31. Qh3 Ne5 32. Rad1 Qf7 33.
f3 c5 34. Nf2 Nc4 35. Qg4 Nxb2 36. Rb1 Nc4 37. Bc1 Ne3 38. Bxe3 fxe3 39.
Ne4 d3 40. Bxd3 Be6 0-1

[Event "83rd ch-FRA National B"]
[Site "Pau FRA"]
[Date "2008.08.18"]
[Round "7"]
[White "Collas,D"]
[Black "Le Roux,JP"]
[Result "1/2-1/2"]
[WhiteElo "2439"]
[BlackElo "2490"]
[EventDate "2008.08.11"]

1. e4 Nf6 2. e5 Nd5 3. d4 d6 4. Nf3 dxe5 5. Nxe5 c6 6. Be2 Bf5 7. O-O Nd7
8. Nf3 e6 9. c4 N5f6 10. Nc3 Bd6 11. d5 exd5 12. cxd5 c5 13. Bd3 Bxd3 14.
Re1+ Be4 15. Nxe4 Nxe4 16. Rxe4+ Kf8 17. Bg5 Nf6 18. Bxf6 Qxf6 19. Qb3 b6
20. Rae1 g6 21. Re6 fxe6 22. Qd1 Ke7 1/2-1/2

[Event "83rd ch-FRA National B"]
[Site "Pau FRA"]
[Date "2008.08.18"]
[Round "7"]
[White "Benitah,Y"]
[Black "Bricard,E"]
[Result "1/2-1/2"]
[WhiteElo "2416"]
[BlackElo "2453"]
[EventDate "2008.08.11"]

1. d4 Nf6 2. c4 e5 3. dxe5 Ng4 4. Nf3 Bc5 5. e3 Nc6 6. Nc3 O-O 7. a3 a5 8.
Be2 Ngxe5 9. Nxe5 Nxe5 10. O-O Re8 11. Kh1 d6 12. f4 Nc6 13. Rf3 Bg4 14.
Rg3 Bxe2 15. Nxe2 Qe7 16. Nc3 f6 17. Nd5 Qf7 18. Bd2 Ne7 19. Nxc7 Nf5 20.
Nxa8 Nxg3+ 21. hxg3 Rxa8 22. Rc1 Re8 23. Qf3 a4 24. Kg1 Qc7 25. Rc3 Qb6 26.
Bc1 Qa6 27. Qh5 Qc6 28. Qd5+ Qxd5 29. cxd5 g5 30. Kf2 gxf4 31. gxf4 h5 32.
Kf3 f5 33. Bd2 Kf7 34. Rc1 Re4 35. Rh1 Kg6 36. Rh3 Rc4 37. Rg3+ Kh7 38. Bc3
Bxa3 39. Rg7+ Kh6 40. Rxb7 Bc5 41. Ke2 a3 42. Bg7+ Kg6 43. bxa3 Re4 44. Bb2
Bxe3 45. Kf3 Bc5 46. g3 Re3+ 47. Kg2 Re2+ 48. Kf1 Rf2+ 49. Ke1 h4 50. gxh4
Rxf4 51. Rg7+ Kh5 52. Rh7+ Kg6 53. Rg7+ Kh5 1/2-1/2

[Event "83rd ch-FRA National B"]
[Site "Pau FRA"]
[Date "2008.08.18"]
[Round "7"]
[White "Prie,E"]
[Black "Vitoux,C"]
[Result "0-1"]
[WhiteElo "2526"]
[BlackElo "2454"]
[EventDate "2008.08.11"]

1. d4 d5 2. c4 c6 3. Nf3 Nf6 4. Nc3 dxc4 5. a4 e6 6. e4 Bb4 7. e5 Nd5 8.
Bd2 b5 9. Be2 O-O 10. axb5 Bxc3 11. bxc3 cxb5 12. Qb1 a6 13. Ng5 f5 14.
exf6 Nxf6 15. Bf3 Ra7 16. Bf4 Nbd7 17. Bd6 Re8 18. Bh5 Nf8 19. Bxe8 Qxd6
20. Ne4 Qd5 21. Nxf6+ gxf6 22. Qd1 Qxg2 23. Kd2 Qxf2+ 24. Qe2 Qxe2+ 25.
Kxe2 Rg7 26. Rhg1 Ng6 27. Rgf1 f5 28. Bc6 Kf7 29. d5 exd5 30. Rad1 Ne5 31.
Bxd5+ Kf6 32. Rd4 Nd3 33. Kd2 Be6 34. Bf3 Ke5 35. Ra1 Ra7 36. Rg1 a5 37.
Be2 Nc5 38. Kc2 a4 39. Re1 Kf6 40. Rd6 a3 41. Ra1 a2 42. Kb2 Na4+ 43. Kc2
Nc5 44. Kb2 Nb3 45. Bxc4 bxc4 46. Rxa2 Rxa2+ 47. Kxa2 f4 48. Rd1 f3 49. Rf1
Bd5 50. Kb2 Be4 0-1

[Event "83rd ch-FRA National B"]
[Site "Pau FRA"]
[Date "2008.08.18"]
[Round "7"]
[White "Cossin,S"]
[Black "Kosten,A"]
[Result "1/2-1/2"]
[WhiteElo "2466"]
[BlackElo "2507"]
[EventDate "2008.08.11"]

1. d4 Nf6 2. Nf3 e6 3. g3 d5 4. Bg2 b5 5. O-O Be7 6. c3 a5 7. Nbd2 Nbd7 8.
Re1 O-O 9. e4 Nxe4 10. Nxe4 dxe4 11. Rxe4 Bb7 12. Re1 c5 13. Bf4 Nf6 14. a4
bxa4 15. Qxa4 Qb6 16. Be3 Rfd8 17. h3 Bc6 18. dxc5 Bxc5 19. Bxc5 Qxc5 20.
Qa3 Qb6 21. Nd4 Bxg2 22. Kxg2 Qb7+ 23. Kg1 h6 24. Re5 Nd5 25. Re2 Qc7 26.
Qa4 Rdc8 27. Qb5 Ne7 28. Qe5 Qxe5 29. Rxe5 Nd5 30. Nc2 Rab8 31. Ra2 Rb7 32.
Ne3 Nxe3 33. Rxe3 Rd8 34. Re2 Rb5 35. c4 Rc5 36. b3 Rd3 37. Re3 Rd1+ 38.
Kg2 g5 39. Rae2 a4 40. bxa4 Ra1 41. Rd2 Rxa4 42. Rd8+ Kg7 43. Rd7 Ra8
1/2-1/2

[Event "83rd ch-FRA National B"]
[Site "Pau FRA"]
[Date "2008.08.18"]
[Round "7"]
[White "Shoker,S"]
[Black "Lazarev,V"]
[Result "0-1"]
[WhiteElo "2365"]
[BlackElo "2482"]
[EventDate "2008.08.11"]

1. g3 d5 2. Bg2 c6 3. d3 Nf6 4. Nd2 e5 5. Ngf3 Bd6 6. O-O O-O 7. e4 Re8 8.
h3 Qc7 9. b3 a5 10. a3 dxe4 11. dxe4 b5 12. Bb2 Nbd7 13. Nh4 Ba6 14. Nf5
Bc5 15. Qf3 g6 16. Ne3 Kg7 17. Rfd1 Nf8 18. c3 Ne6 19. b4 Bb6 20. h4 h5 21.
Bf1 a4 22. c4 Bd4 23. Bxd4 Nxd4 24. Qg2 Rad8 25. Rac1 Qe7 26. cxb5 cxb5 27.
Rc3 Rd7 28. Rdc1 Red8 29. Nb1 Bb7 30. f3 Qd6 31. Be2 Qb6 32. Kh2 Nb3 33.
Re1 Ne8 34. Qf2 Rd6 35. Kg1 Nf6 36. Nd1 Nd4 37. Ne3 Bxe4 38. Nd2 Ba8 39.
Ndf1 Kg8 40. Rc5 Nd7 41. Rcc1 Rf6 42. Nd2 e4 43. f4 Ne5 44. Rcd1 Nxe2+ 45.
Rxe2 Nd3 46. Qg2 Rfd6 47. Kh2 f5 48. Rf1 Qd4 49. Qh3 Qf6 50. Nb1 Rc8 51.
Qg2 Rdc6 52. Rd2 Qf7 53. Qe2 R6c7 54. Kh3 Qb3 55. Rfd1 Rc1 0-1

[Event "83rd ch-FRA National B"]
[Site "Pau FRA"]
[Date "2008.08.19"]
[Round "8"]
[White "Bricard,E"]
[Black "Shoker,S"]
[Result "1/2-1/2"]
[WhiteElo "2453"]
[BlackElo "2365"]
[EventDate "2008.08.11"]

1. e4 g6 2. d4 Bg7 3. c4 d6 4. Nc3 Nc6 5. d5 Nd4 6. Nge2 c5 7. Nxd4 Bxd4 8.
Bd3 a6 9. O-O Rb8 10. Kh1 h5 11. Qc2 Bd7 12. a4 h4 13. Bd2 Nh6 14. Ne2 Bf6
15. Bc3 h3 16. g3 Ng4 17. Bxf6 exf6 18. Nc3 O-O 19. Rae1 Re8 20. f3 Ne5 21.
Be2 Qa5 22. f4 Ng4 23. Bxg4 Bxg4 24. e5 fxe5 25. fxe5 dxe5 26. Qf2 f5 27.
Ne4 Qd8 28. Nxc5 e4 29. Nxe4 fxe4 30. Qf7+ Kh8 31. Qxg6 Bf3+ 32. Rxf3 exf3
33. Qh6+ Kg8 34. Qg6+ Kh8 35. Qh6+ Kg8 36. Qg6+ 1/2-1/2

[Event "83rd ch-FRA National B"]
[Site "Pau FRA"]
[Date "2008.08.19"]
[Round "8"]
[White "Le Roux,JP"]
[Black "Lazarev,V"]
[Result "1-0"]
[WhiteElo "2490"]
[BlackElo "2482"]
[EventDate "2008.08.11"]

1. d4 Nf6 2. Nf3 d5 3. c4 e6 4. Nc3 Bb4 5. Bg5 h6 6. Bh4 dxc4 7. e3 c5 8.
Bxc4 cxd4 9. Nxd4 Nc6 10. Nxc6 Qxd1+ 11. Kxd1 bxc6 12. Bxf6 gxf6 13. Rc1 f5
14. Ke2 Rb8 15. Na4 Ke7 16. Bd3 Bd6 17. Rhd1 Bd7 18. Rd2 h5 19. Nc5 Be8 20.
h4 f4 21. Ne4 Bb4 22. Rdc2 Rg8 23. Ng5 Bd6 24. b3 Bd7 25. Rd1 fxe3 26. Kxe3
Bc7 27. g3 f5 28. Bc4 f4+ 29. gxf4 Rgf8 30. f5 Bb6+ 31. Ke4 exf5+ 32. Kf3
Rf6 33. Re2+ Kd8 34. Nf7+ Rxf7 35. Bxf7 Rb7 36. Be6 Kc8 37. Rxd7 1-0

[Event "83rd ch-FRA National B"]
[Site "Pau FRA"]
[Date "2008.08.19"]
[Round "8"]
[White "Govciyan,P"]
[Black "Cossin,S"]
[Result "0-1"]
[WhiteElo "2411"]
[BlackElo "2466"]
[EventDate "2008.08.11"]

1. d4 Nf6 2. c4 g6 3. Nc3 Bg7 4. e4 d6 5. Be2 O-O 6. Nf3 e5 7. O-O Na6 8.
Be3 Ng4 9. Bg5 Qe8 10. d5 f5 11. Nd2 h6 12. Bh4 g5 13. Bg3 Nf6 14. exf5
Bxf5 15. f3 Qg6 16. Nde4 Nxe4 17. fxe4 Bxe4 18. Nxe4 Qxe4 19. Bd3 Qe3+ 20.
Kh1 e4 21. Be2 Rxf1+ 22. Qxf1 Rf8 23. Qd1 Nc5 24. Bg4 Bxb2 25. Rb1 Qd3 26.
Qe1 Qxc4 27. h4 Qc3 28. Be6+ Nxe6 29. dxe6 Qxe1+ 30. Rxe1 gxh4 31. Bxh4 Be5
32. e7 Re8 33. Rxe4 Kf7 34. Kg1 c5 35. Kf1 b5 36. Re3 a5 37. Rf3+ Ke6 38.
Ke2 b4 39. Kd3 a4 40. Kc2 c4 41. Kb1 b3 42. g4 Rxe7 43. Bxe7 Kxe7 44. Re3
Kf6 45. Rh3 c3 46. axb3 axb3 47. Rxh6+ Kg5 48. Rh1 c2+ 49. Kc1 Bf4+ 50. Kb2
c1=Q+ 51. Rxc1 Bxc1+ 52. Kxc1 Kxg4 53. Kb2 Kf4 54. Kxb3 Ke4 55. Kc4 d5+ 56.
Kc3 Ke5 0-1

[Event "83rd ch-FRA National B"]
[Site "Pau FRA"]
[Date "2008.08.19"]
[Round "8"]
[White "Vitoux,C"]
[Black "Benitah,Y"]
[Result "1/2-1/2"]
[WhiteElo "2454"]
[BlackElo "2416"]
[EventDate "2008.08.11"]

1. e4 c5 2. Nf3 d6 3. d4 cxd4 4. Nxd4 Nf6 5. Nc3 a6 6. Bg5 e6 7. f4 Nbd7 8.
Qf3 Qc7 9. O-O-O b5 10. Bd3 Bb7 11. Rhe1 Be7 12. Kb1 b4 13. Nce2 Nc5 14.
Ng3 h6 15. Bxf6 Bxf6 16. Qe3 e5 17. Nf3 exf4 1/2-1/2

[Event "83rd ch-FRA National B"]
[Site "Pau FRA"]
[Date "2008.08.20"]
[Round "9"]
[White "Benitah,Y"]
[Black "Kosten,A"]
[Result "1-0"]
[WhiteElo "2416"]
[BlackElo "2507"]
[EventDate "2008.08.11"]

1. d4 Nf6 2. c4 e6 3. Nc3 Bb4 4. Qc2 O-O 5. a3 Bxc3+ 6. Qxc3 d6 7. Bg5 Nbd7
8. e3 b6 9. Ne2 c5 10. Qc2 Ba6 11. Rd1 Qc7 12. Qa4 Qb7 13. Nc3 cxd4 14.
Rxd4 d5 15. cxd5 Bxf1 16. Kxf1 Nxd5 17. Nxd5 exd5 18. Qd1 Rac8 19. e4 h6
20. Bf4 Qa6+ 21. Kg1 Rfe8 22. h3 Rc4 23. exd5 Rxd4 24. Qxd4 Qe2 25. f3 Rc8
26. Kh2 Rc2 27. Rg1 Qxf3 28. Bd2 Qf6 29. Qd3 Qxb2 30. Bf4 Rf2 31. Qg3 g5
32. Bc1 Qe5 33. d6 Qxg3+ 34. Kxg3 Rc2 35. Rd1 f5 36. h4 f4+ 37. Kf3 Kf7 38.
Re1 Rc3+ 39. Ke4 Nc5+ 40. Kd5 Nd3 41. Re7+ Kg6 42. d7 Nc5 43. Bb2 Rd3+ 44.
Bd4 Nxd7 45. Rxd7 Rxa3 46. hxg5 hxg5 47. Ke4 Ra4 48. Rd6+ Kf7 49. Kf5 Ke7
50. Be5 Ra2 51. Rg6 Kd7 52. Rxg5 b5 53. Rg7+ Kc6 54. Kxf4 b4 55. g4 a5 56.
g5 b3 57. g6 Rf2+ 58. Kg3 b2 59. Rc7+ Kb6 60. Rc8 Ka7 61. Bxb2 Rxb2 62. g7
Rb3+ 63. Kf2 Rb2+ 64. Ke3 Rg2 65. g8=Q Rxg8 66. Rxg8 Kb6 67. Kd3 Kb5 68.
Kc3 Ka4 69. Rg5 1-0

[Event "83rd ch-FRA National B"]
[Site "Pau FRA"]
[Date "2008.08.20"]
[Round "9"]
[White "Cossin,S"]
[Black "Collas,D"]
[Result "1-0"]
[WhiteElo "2466"]
[BlackElo "2439"]
[EventDate "2008.08.11"]

1. e4 c5 2. Nf3 Nc6 3. Bb5 Nf6 4. Nc3 g6 5. Bxc6 dxc6 6. d3 Bg7 7. h3 O-O
8. Be3 b6 9. Qd2 Ne8 10. Bh6 f6 11. e5 Nc7 12. O-O-O Be6 13. Bxg7 Kxg7 14.
h4 h5 15. Kb1 Qd7 16. Rde1 Rad8 17. Qe3 Rfe8 18. Ng1 c4 19. dxc4 Bxc4 20.
Nge2 Qd2 21. Qg3 Bxe2 22. Rxe2 Qd7 23. Rhe1 Nb5 24. a3 Nxc3+ 25. Qxc3 c5
26. Re4 Kh7 27. Qc4 Kg7 28. g4 hxg4 29. Rxg4 Qd5 30. Qc3 f5 31. e6+ Kh7 32.
Rxg6 Qd1+ 33. Rxd1 Rxd1+ 34. Ka2 Kxg6 35. h5+ Kh7 36. Qf3 Rg1 37. Qxf5+ Kh8
38. Qf7 Rgg8 39. h6 c4 40. a4 a6 41. Ka3 b5 42. axb5 axb5 43. Kb4 Ref8 44.
h7 1-0

[Event "83rd ch-FRA National B"]
[Site "Pau FRA"]
[Date "2008.08.20"]
[Round "9"]
[White "Prie,E"]
[Black "Govciyan,P"]
[Result "0-1"]
[WhiteElo "2526"]
[BlackElo "2411"]
[EventDate "2008.08.11"]

1. d4 g6 2. e4 Bg7 3. f4 d6 4. Nf3 c5 5. c3 Nf6 6. e5 dxe5 7. fxe5 Nd5 8.
Bc4 cxd4 9. cxd4 Nc6 10. Nc3 Nb6 11. Bb3 O-O 12. O-O Bg4 13. Be3 Na5 14. h3
Nxb3 15. axb3 Be6 16. Ng5 Bd5 17. Qg4 f6 18. Nf3 Bxb3 19. h4 Qd7 20. Qg3
Nd5 21. Nd2 Nxe3 22. Qxe3 Bf7 23. Nde4 fxe5 24. d5 Bxd5 25. Rxf8+ Rxf8 26.
Rd1 e6 27. Qxa7 Qc6 28. Qe3 Qc4 29. g3 b5 30. Qd3 Qxd3 31. Rxd3 Bc4 32. Rd7
b4 33. Nd1 Bd5 34. Ndf2 Rf7 35. Rd8+ Rf8 36. Rd7 h6 37. Nd2 Rf7 38. Rxf7
Kxf7 39. Nfe4 h5 40. Nf3 Ke7 41. Nfg5 Kd7 42. Kf2 Kc6 43. Ke3 Kb5 44. Kd3
Bf8 45. Nd2 Bc5 46. Nge4 Bd4 47. b3 Kb6 48. Kc2 Kc7 49. Kd3 Kd7 50. Nf3 Bb2
51. Nfd2 Ke7 52. Nc4 Bd4 53. Ncd2 Kd8 54. Nc4 Bb7 55. Ncd6 Ba6+ 56. Kc2 Ke7
57. Nc4 Kd7 58. Ncd6 Be2 59. Nf7 Kc7 60. Kd2 Bf3 61. Nfg5 Bg4 62. Nf6 Bc3+
63. Kd3 Bd1 64. Nxe6+ Kd6 65. Ng5 Be1 66. Nfe4+ Kc6 67. Nf7 Kd5 68. Nfg5
Bxb3 69. Nf6+ Kc5 70. Nge4+ Kb5 71. Ke2 Bc3 72. g4 hxg4 73. Nxg4 Bd4 74.
Nd6+ Ka4 75. Ne4 Bc4+ 76. Kd2 b3 77. Nc3+ Kb4 78. Nb1 Be6 79. Nf6 b2 80.
Ne4 Bf5 0-1

[Event "83rd ch-FRA National B"]
[Site "Pau FRA"]
[Date "2008.08.20"]
[Round "9"]
[White "Shoker,S"]
[Black "Vitoux,C"]
[Result "1-0"]
[WhiteElo "2365"]
[BlackElo "2454"]
[EventDate "2008.08.11"]

1. g3 Nf6 2. Bg2 g6 3. Nf3 Bg7 4. O-O O-O 5. d3 d5 6. Nc3 c6 7. Rb1 Re8 8.
b4 e5 9. Nd2 a5 10. b5 h6 11. bxc6 Nxc6 12. Na4 Rb8 13. c4 Bg4 14. h3 Be6
15. Nc5 Bf8 16. Nxe6 Rxe6 17. Rb5 Nd4 18. cxd5 Rd6 19. Rb2 Nxd5 20. Nc4 Nc3
21. Qe1 Re6 22. a3 Na4 23. Rxb7 Rxb7 24. Bxb7 Nc3 25. Kg2 Ndxe2 26. Qd2 e4
27. dxe4 Qxd2 28. Bxd2 Nxe4 29. Bxa5 Nc5 30. Bd5 Ra6 31. Re1 Nd4 32. Re8
Nce6 33. Bb4 Nc2 34. Bxe6 Nxb4 35. Bc8 1-0

[Event "83rd ch-FRA National B"]
[Site "Pau FRA"]
[Date "2008.08.20"]
[Round "9"]
[White "Lazarev,V"]
[Black "Bricard,E"]
[Result "1/2-1/2"]
[WhiteElo "2482"]
[BlackElo "2453"]
[EventDate "2008.08.11"]

1. d4 Nf6 2. c4 e5 3. dxe5 Ng4 4. Bf4 Nc6 5. Nf3 Bb4+ 6. Nbd2 Qe7 7. a3
Ngxe5 8. Nxe5 Nxe5 9. e3 Bxd2+ 10. Qxd2 d6 11. Be2 b6 12. O-O Bb7 13. b4
O-O 14. Rfd1 Nd7 15. Rac1 a5 16. c5 bxc5 17. Bb5 axb4 18. axb4 Rfc8 19.
Bxd7 Qxd7 20. bxc5 Qc6 21. f3 dxc5 22. Qd7 Qxd7 23. Rxd7 Ba6 24. Rxc5
1/2-1/2

[Event "83rd ch-FRA National B"]
[Site "Pau FRA"]
[Date "2008.08.20"]
[Round "9"]
[White "Edouard,R"]
[Black "Le Roux,JP"]
[Result "0-1"]
[WhiteElo "2508"]
[BlackElo "2490"]
[EventDate "2008.08.11"]

1. e4 c6 2. d4 d5 3. e5 Bf5 4. Nf3 e6 5. Be2 Nd7 6. O-O Bg6 7. Nbd2 Nh6 8.
Nb3 Nf5 9. Bd2 Be7 10. Na5 Qb6 11. Be1 f6 12. exf6 Bxf6 13. Nb3 Qc7 14. c4
Nd6 15. Qc1 O-O 16. Ba5 b6 17. Bb4 Rfe8 18. Ba3 Nxc4 19. Bxc4 dxc4 20. Qxc4
b5 21. Qc1 a5 22. Bc5 a4 23. Nbd2 e5 24. dxe5 Nxe5 25. Bd4 Nd3 26. Qc3 Nf4
27. Rfe1 Ne2+ 28. Rxe2 Rxe2 29. Bxf6 gxf6 30. Nd4 Ree8 31. Rc1 Qd6 32. Nf1
Re4 33. Nf3 Rc4 34. Qe1 Rxc1 35. Qxc1 Rd8 36. h4 c5 37. b3 axb3 38. axb3
Be4 39. N3h2 Bd3 40. Ng3 Bg6 41. Nhf1 Qe5 42. Ne3 Rd3 43. Kh2 f5 44. Kg1 f4
45. Ng4 Qd4 46. Nf1 Rd1 0-1

[Event "83rd ch-FRA National B"]
[Site "Pau FRA"]
[Date "2008.08.21"]
[Round "10"]
[White "Collas,D"]
[Black "Prie,E"]
[Result "1/2-1/2"]
[WhiteElo "2439"]
[BlackElo "2526"]
[EventDate "2008.08.11"]

1. e4 d5 2. exd5 Qxd5 3. Nc3 Qa5 4. d4 Nf6 5. Nf3 c6 6. Ne5 Bf5 7. Nc4 Qc7
8. Qf3 e6 9. Bf4 Qd8 10. Qd1 Be7 11. Be2 Nd5 12. Nxd5 cxd5 13. Ne3 Bg6 14.
c3 Nc6 15. O-O O-O 16. Ng4 Rc8 17. Ne5 Bd6 18. Nxg6 hxg6 19. Bxd6 Qxd6 20.
Re1 Rc7 21. Bd3 Rb8 22. a4 Qf4 23. a5 Ne7 24. Re5 1/2-1/2

[Event "83rd ch-FRA National B"]
[Site "Pau FRA"]
[Date "2008.08.21"]
[Round "10"]
[White "Vitoux,C"]
[Black "Lazarev,V"]
[Result "1/2-1/2"]
[WhiteElo "2454"]
[BlackElo "2482"]
[EventDate "2008.08.11"]

1. e4 c5 2. Nf3 Nc6 3. d4 cxd4 4. Nxd4 Qc7 5. Nc3 e6 6. Be2 a6 7. O-O Nf6
8. Be3 Be7 9. f4 d6 10. Kh1 O-O 11. Qe1 Nxd4 12. Bxd4 b5 13. Bd3 Bb7 14. a3
Rad8 15. e5 dxe5 16. Bxe5 Qc6 17. Rf3 Ng4 18. Be4 Qc8 19. Bxb7 Qxb7 20. Ne4
Nxe5 21. fxe5 Qc7 22. Nc3 Bc5 23. Qe2 Bd4 24. Re1 Rd7 25. Qe4 Rfd8 26. Rh3
h6 27. Rd3 Bxc3 28. Rxc3 Qa7 29. h3 Rd2 30. Ree3 Rd1+ 31. Kh2 g6 32. Qf4 h5
33. Rcd3 R8xd3 34. cxd3 h4 35. Qe4 Qc5 36. Re1 Rxe1 37. Qxe1 Qd4 38. Qc3
Qf4+ 39. Kg1 Kg7 40. d4 g5 41. b4 Qe4 42. Kf2 Kg6 43. Qe3 Kf5 44. Qf3+ Qf4
45. Ke2 g4 46. hxg4+ Kg5 47. Kf1 Qc1+ 48. Ke2 Qc4+ 49. Ke1 Qc1+ 50. Ke2 Qf4
51. Kf1 Qxg4 52. Kf2 h3 53. Qf4+ Kxf4 1/2-1/2

[Event "83rd ch-FRA National B"]
[Site "Pau FRA"]
[Date "2008.08.21"]
[Round "10"]
[White "Le Roux,JP"]
[Black "Bricard,E"]
[Result "1/2-1/2"]
[WhiteElo "2490"]
[BlackElo "2453"]
[EventDate "2008.08.11"]

1. Nf3 Nf6 2. c4 g6 3. g3 Bg7 4. d4 O-O 5. Bg2 d6 6. O-O c5 7. Nc3 Nc6 8.
dxc5 dxc5 9. Be3 Be6 10. Qa4 Nd4 11. Bxd4 cxd4 12. Nb5 Bd7 13. Qb3 Bxb5 14.
Qxb5 Nd7 15. Bh3 e6 16. Rfd1 a6 17. Qxb7 Rb8 18. Qxa6 Rxb2 19. Qa7 Nb6 20.
Rac1 Rxe2 21. Bf1 Rb2 22. Qa3 d3 23. Rxd3 Qa8 24. Qxa8 Rxa8 25. Rb3 Raxa2
26. Rxb2 Rxb2 27. c5 Nd5 28. c6 Nc7 29. Rd1 Rb8 30. Rd7 Rc8 31. Ng5 Nd5 32.
Bb5 Bf8 33. Ne4 Be7 34. Nd2 Rc7 35. Nc4 Rxd7 36. cxd7 Bd8 37. Ne5 Nb4 38.
Kf1 Kf8 39. Ke2 Ke7 40. Nc6+ Nxc6 1/2-1/2

[Event "83rd ch-FRA National B"]
[Site "Pau FRA"]
[Date "2008.08.21"]
[Round "10"]
[White "Edouard,R"]
[Black "Cossin,S"]
[Result "1-0"]
[WhiteElo "2508"]
[BlackElo "2466"]
[EventDate "2008.08.11"]

1. e4 e5 2. Nf3 Nf6 3. Nxe5 d6 4. Nf3 Nxe4 5. d4 d5 6. Bd3 Be7 7. O-O Nc6
8. Nc3 Bf5 9. Qe1 O-O 10. Nxe4 dxe4 11. Bxe4 Bb4 12. c3 Re8 13. Bxf5 Rxe1
14. Rxe1 Bd6 15. Ng5 h6 16. Bh7+ Kf8 17. Ne4 Be7 18. b4 b6 19. Ng3 Bg5 20.
Bxg5 hxg5 21. Be4 Ne7 22. Bxa8 Qxa8 23. b5 a6 24. a4 Nd5 25. c4 Nf4 26. d5
a5 27. Rad1 f6 28. Nf5 Qc8 29. d6 Qd7 30. dxc7 Qxc7 31. Nd6 1-0

[Event "83rd ch-FRA National B"]
[Site "Pau FRA"]
[Date "2008.08.21"]
[Round "10"]
[White "Kosten,A"]
[Black "Shoker,S"]
[Result "1/2-1/2"]
[WhiteElo "2507"]
[BlackElo "2365"]
[EventDate "2008.08.11"]

1. e4 g6 2. d4 Bg7 3. Nf3 d6 4. Bc4 c6 5. Bb3 e6 6. O-O Nd7 7. c4 Ngf6 8.
Nc3 e5 9. Be3 O-O 10. h3 exd4 11. Nxd4 Re8 12. Bc2 Nb6 13. b3 d5 14. exd5
cxd5 15. c5 Nbd7 16. b4 Ne5 17. Bb3 Nc4 18. Bxc4 dxc4 19. Ndb5 a5 20. Qxd8
Rxd8 21. Nc7 axb4 22. Nxa8 Bf5 23. Na4 Rxa8 24. Nb6 Rf8 25. Rac1 b3 26.
Nxc4 bxa2 27. Bd4 Nd7 28. Bxg7 Kxg7 29. Na5 Bb1 30. Nb3 Rc8 31. Rxb1 axb1=Q
32. Rxb1 Nxc5 33. Nxc5 Rxc5 34. Rxb7 1/2-1/2